| 000 | 00397nam a22001337a 4500 | ||
|---|---|---|---|
| 020 | _a978047069080 | ||
| 040 | _cNust | ||
| 082 |
_a658.4013 _bWAT |
||
| 100 |
_aWatson,. H Gregory _9124031 |
||
| 245 | _aStrategic Benchmarking Reloaded With Six Sigma | ||
| 260 |
_aNew Jersey: _bjohn Wiley & Sons Inc, _c2007. |
||
| 650 |
_aStrategic Benchmarking Reloaded With Six Sigma _9124032 |
||
| 942 |
_2ddc _cBK |
||
| 999 |
_c610006 _d610006 |
||